Human Anatomy (Registro nro. 31244)
[ vista simple ]
| 000 -CABECERA | |
|---|---|
| Longitud fija campo de control | 00641nam a2200217 b 4500 |
| 001 - NÚMERO DE CONTROL | |
| Número de control | Mimo0002147087 |
| 003 - IDENTIFICADOR DELl NÚMERO DE CONTROL | |
| Identificador del número de control | OSt |
| 005 - FECHA Y HORA DE LA ÚLTIMA TRANSACCIÓN | |
| Fecha y hora de la última transacción | 20201124092326.0 |
| 008 - CÓDIGOS DE INFORMACIÓN DE LONGITUD FIJA | |
| Códigos de información de longitud fija | 061201s2003 esp spa |
| 020 ## - NÚMERO INTERNACIONAL NORMALIZADO PARA LIBROS | |
| Número Internacional Normalizado para Libros (ISBN) | 0-07-115625-9 |
| 040 ## - FUENTE DE LA CATALOGACIÓN | |
| Centro catalogador de origen | SpMaBN |
| Lengua de catalogación | spa |
| Centro transcriptor | BMC |
| Normas de descripción | rdc |
| 082 ## - NÚMERO DE LA CLASIFICACIÓN DECIMAL DEWEY | |
| Númeroo de clasificación | 611.02 |
| 100 1# - PUNTO DE ACCESO PRINCIPAL-NOMBRE DE PERSONA | |
| 9 (RLIN) | 44356 |
| Nombre de persona | Van De Graaff, Kent M. |
| 245 10 - MENCIÓN DE TÍTULO | |
| Título | Human Anatomy |
| Mención de responsabilidad, etc. | Kent M. Van De Graaff |
| 250 ## - MENCIÓN DE EDICIÓN | |
| Mención de edición | 5ª ed |
| 260 ## - PUBLICACIÓN, DISTRIBUCIÓN, ETC. (PIE DE IMPRENTA) | |
| Lugar de publicación, distribución, etc. | Boston [etc.] |
| Nombre del editor, distribuidor, etc. | McGraw-Hill |
| -- | WCB |
| Fecha de publicación, distribución, etc. | 1998 |
| 300 ## - DESCRIPCIÓN FÍSICA | |
| Extensión | XXVI, 821 |
| Otras características físicas | il. col. |
| Dimensiones | 28 cm |
| 594 ## - NOTA AL TÍTULO Y MENCIÓN DE RESPONSABIBLIDAD | |
| Nota Al Título Y Mención De Responsabilidad | Traducción de la 4ª ed. en inglés de: Atlas of human anatomy |
| 650 20 - PUNTO DE ACCESO ADICIONAL DE MATERIA - TÉRMINO DE MATERIA | |
| Término de materia o nombre geográfico como elemento inicial | Anatomía humana |
| Subdivisión de forma | Atlas |
| 9 (RLIN) | 24075 |
| 942 ## - ENTRADA DE ELEMENTOS AGREGADOS (KOHA) | |
| Fuente de clasificaión o esquema | Dewey Decimal Classification |
| Koha [por defecto] tipo de item | 1- Monografias |
| Suprimido | Perdido | Fuente de clasificación o esquema | Estropeado | Restricciones de uso | No para préstamo | Código de colección | Localización permanente | Localización actual | Localización en estanter&íacute;as | Fecha adquisición | Fuente de adquisición | Número de inventario | Préstamos totales | Signatura completa | Código de barras | Fecha última consulta | Fecha del precio de reemplazo | Tipo de item de Koha |
|---|---|---|---|---|---|---|---|---|---|---|---|---|---|---|---|---|---|---|
| NULL | NULL | Dewey Decimal Classification | NULL | Prestable | NULL | NULL | Biblioteca Miguel de Cervantes - UNICAES | Biblioteca Miguel de Cervantes - UNICAES | Sala Principal | 04/01/2020 | Donación - Nelly Patricia Alvarado | 034775 | 611.02 VAN hum | 1046814 | 24/11/2020 | 24/11/2020 | 1- Monografias |